000 00674nam a2200181 i 4500
001 115663
003 ES-MaACL
005 20230906190528.0
007 t|
008 070424s1900 gw ||||1| ger d
100 1 _aGonzález Tánago y García, Manuel.
_958978
245 1 3 _aDie phosphaturie als secretionsneurose der niere /
_cvon M. González Tanago.
260 _a[Berlin :
_bOscar Coblentz,
_c1900]
300 _a16 p. ;
_c24 cm.
500 _aSeparata: Monatsberichte über die Gesamtleistungen auf dem Gebiete der Krankheiten der Harn-und Sexual-Apparates, Bd. V, nº 12, 1900.
650 0 4 _aRiñones-
_xEnfermedades.
_916914
852 _aES-MaACL
_jT-150 bis-F-14
999 _c115663
_d115663